[Event "Porz 4 - Ennepe-Ruhr"]
[Site "?"]
[Date "2023.12.03"]
[Round "4.7"]
[White "Nasoyan, Maksim"]
[Black "Smirnova, Marina"]
[Result "1-0"]
[WhiteElo "1878"]
[BlackElo "2086"]
[PlyCount "109"]
[EventDate "2023.??.??"]
[SourceVersionDate "2020.03.16"]

1. Nf3 c5 2. c4 Nf6 3. g3 e6 4. Nc3 Be7 5. Bg2 O-O 6. O-O d6 7. d4 cxd4 8. Nxd4 a6 9. b3 Nbd7 10. Qc2 Ne5 11. Rd1 Qc7 12. Ba3 Bd7 13. Rac1 Rad8 14. e4 Rfe8 15. Qe2 Qa5 16. Bb2 Nc6 17. Nc2 h5 18. a3 Qg5 19. Ne1 Ng4 20. h3 Nf6 21. Na4 e5 22. Nb6 Be6 23. Nd5 Bf8 24. Nf3 Qh6 25. b4 Nh7 26. Nc7 Re7 27. Nxe6 Rxe6 28. b5 Nb8 29. Nxe5 axb5 30. Nd3 bxc4 31. Nf4 Ree8 32. Qxc4 h4 33. Qd5 hxg3 34. fxg3 Nc6 35. Rf1 Nf6 36. Bxf6 Qxf6 37. Kh2 Qe5 38. Qb3 Na5 39. Qa2 Rd7 40. Nd5 Nc6 41. Rf5 Qe6 42. Rcf1 Ne7 43. Rxf7 Nxd5 44. Rxd7 Ne3 45. Qxe6+ Rxe6 46. Re1 Nxg2 47. Kxg2 d5 48. Rd8 dxe4 49. Rf1 Rf6 50. Rxf6 gxf6 51. Kf2 Kf7 52. Rxf8+ Kxf8 53. Ke3 f5 54. g4 fxg4 55. hxg4 1-0

[Event "Porz 4 - Ennepe-Ruhr"]
[Site "?"]
[Date "2023.12.03"]
[Round "4.8"]
[White "Hackbusch, Thomas"]
[Black "Schaefer, Martin"]
[Result "1/2-1/2"]
[WhiteElo "1697"]
[BlackElo "1955"]
[PlyCount "88"]
[EventDate "2023.??.??"]
[SourceVersionDate "2020.03.16"]

1. d4 f5 2. Nf3 Nf6 3. c4 d6 4. Nc3 g6 5. g3 Bg7 6. Bg2 O-O 7. O-O c6 8. b3 Qc7 9. Qc2 e5 10. dxe5 dxe5 11. Ba3 Rd8 12. Rad1 e4 13. Rxd8+ Qxd8 14. Nd2 Ng4 15. e3 Na6 16. Na4 Qa5 17. Bd6 Be6 18. a3 b5 19. Bb4 Nxb4 20. axb4 Qxb4 21. cxb5 Qxb5 22. h3 Ne5 23. Nc5 Bd5 24. Rc1 Bf8 25. Na4 Qd3 26. Qa2 Bb4 27. Nc4 Bxc4 28. bxc4 Qd2 29. Rc2 Qd1+ 30. Kh2 c5 31. Qb2 Nd3 32. Qa2 Rd8 33. Nc3 Bxc3 34. Rxc3 Rd7 35. Qa6 Kf7 36. Qc8 Re7 37. Qh8 Ke6 38. Ra3 Nb4 39. Ra5 Qd6 40. Qc8+ Kf7 41. Rxc5 Kg7 42. Rb5 Qc6 43. Qd8 Rd7 44. Qe8 Nd3 {(=)} 1/2-1/2

[Event "Hellertal - Godesberg 2"]
[Site "Neunkirchen (Kr Siegen)"]
[Date "2023.12.03"]
[Round "4.1"]
[White "Mantau, Jan"]
[Black "Rahimi, Rahim"]
[Result "1-0"]
[WhiteElo "2171"]
[BlackElo "2063"]
[PlyCount "99"]
[EventDate "2023.??.??"]
[SourceVersionDate "2020.03.16"]

1. e4 c6 2. d4 d6 3. Nf3 Bg4 4. Bc4 e6 5. h3 Bh5 6. Bb3 Nd7 7. Be3 Ngf6 8. Nbd2 Be7 9. c4 e5 10. Bc2 Qc7 11. Nf1 Bg6 12. Ng3 d5 13. exd5 Bxc2 14. Qxc2 cxd5 15. dxe5 Nxe5 16. Nxe5 Qxe5 17. Qa4+ Kf8 18. O-O dxc4 19. Qxc4 h5 20. Rfd1 h4 21. Ne2 Rh5 22. Nf4 Rf5 23. Rd4 Qb5 24. Rad1 Qxb2 25. a4 Rc5 26. Qf1 Rc7 27. Nd3 Qa2 28. Rxh4 Kg8 29. Rd4 Rac8 30. Ra1 Qe6 31. Qb1 Nd5 32. Nf4 Nxf4 33. Rxf4 Bd6 34. Re4 Qg6 35. Rg4 Qf6 36. Qe1 Re7 37. Rc1 Rce8 38. Qd2 g6 39. Bg5 Qe6 40. Bxe7 Rxe7 41. Rd4 Be5 42. Rd8+ Kg7 43. Rd1 Qf5 44. Re1 Rc7 45. Qd5 Rc5 46. Qd7 Qf4 47. g3 Qf6 48. Qe8 Kh7 49. Qg8+ Kh6 50. Qf8+ 1-0

[Event "Hellertal - Godesberg 2"]
[Site "Neunkirchen (Kr Siegen)"]
[Date "2023.12.03"]
[Round "4.2"]
[White "Mueller, Sven"]
[Black "Iannello, Andrea"]
[Result "0-1"]
[WhiteElo "2130"]
[BlackElo "2068"]
[PlyCount "60"]
[EventDate "2023.??.??"]
[SourceVersionDate "2020.03.16"]

1. e4 c5 2. Nf3 d6 3. d4 cxd4 4. Nxd4 Nf6 5. Nc3 a6 6. Be3 e5 7. Nb3 Be7 8. f3 Be6 9. Qd2 O-O 10. O-O-O Nbd7 11. g4 b5 12. h4 b4 13. Nd5 Bxd5 14. exd5 a5 15. g5 Nh5 16. Bh3 a4 17. Na1 b3 18. axb3 axb3 19. Nxb3 Qc7 20. Qg2 Nb6 21. Rd3 Qb7 22. Qg4 Ra4 23. Qg2 Rfa8 24. Bxb6 Nf4 25. Qf2 Nxd3+ 26. cxd3 Rb4 27. Na5 Qxb6 28. Qxb6 Rxb6 29. Nc6 Ra1+ 30. Kc2 Rxh1 0-1

[Event "Hellertal - Godesberg 2"]
[Site "Neunkirchen (Kr Siegen)"]
[Date "2023.12.03"]
[Round "4.3"]
[White "Wecker, Martin"]
[Black "Petri, Wolfgang"]
[Result "1-0"]
[WhiteElo "2068"]
[BlackElo "1966"]
[PlyCount "97"]
[EventDate "2023.??.??"]
[SourceVersionDate "2020.03.16"]

1. Nf3 g6 2. g3 Bg7 3. d4 c5 4. Bg2 cxd4 5. Nxd4 Nc6 6. Be3 Nf6 7. Nxc6 bxc6 8. Bd4 O-O 9. O-O Qc7 10. c4 Rb8 11. Nd2 e5 12. Bc3 d5 13. b3 Rd8 14. cxd5 cxd5 15. Rc1 Re8 16. e4 Bg4 17. Bf3 Bh3 18. Re1 Qd7 19. exd5 Nxd5 20. Ba5 Rb5 21. Nc4 Bh6 22. Rc2 Bf5 23. Rce2 Rxa5 24. Nxa5 Nc3 25. Qxd7 Nxe2+ 26. Rxe2 Bxd7 27. Nc4 Bg7 28. Bd5 Be6 29. Bxe6 Rxe6 30. Rd2 Bf8 31. Rd5 e4 32. Kf1 f5 33. h3 Bb4 34. Ke2 Kf7 35. Rb5 Bc3 36. Rb7+ Re7 37. Nd6+ Ke6 38. Rxe7+ Kxe7 39. Nb5 Be5 40. Nxa7 Kd7 41. Nb5 g5 42. Ke3 Bb2 43. g4 Bc1+ 44. Kd4 h5 45. gxf5 g4 46. hxg4 h4 47. Kxe4 h3 48. Kf3 Bf4 49. Nc3 1-0

[Event "Hellertal - Godesberg 2"]
[Site "Neunkirchen (Kr Siegen)"]
[Date "2023.12.03"]
[Round "4.4"]
[White "Reiffenrath, Christian"]
[Black "Mittmann, Johannes"]
[Result "1-0"]
[WhiteElo "1828"]
[BlackElo "2062"]
[PlyCount "111"]
[EventDate "2023.??.??"]
[SourceVersionDate "2020.03.16"]

1. f4 d5 2. Nf3 Bg4 3. e3 Nd7 4. h3 Bxf3 5. Qxf3 Ngf6 6. g4 c6 7. g5 Ne4 8. c4 e6 9. cxd5 exd5 10. Nc3 Ndc5 11. Be2 h6 12. h4 hxg5 13. hxg5 Rxh1+ 14. Qxh1 Ng3 15. Qg2 Nxe2 16. Qxe2 Qa5 17. d4 Na4 18. Qc2 Bb4 19. Bd2 Nb6 20. b3 O-O-O 21. Kf2 Rh8 22. Kg2 g6 23. Rh1 Rxh1 24. Kxh1 Bxc3 25. Bxc3 Qb5 26. Kg2 Nd7 27. Kf2 Qb6 28. e4 Qc7 29. Bd2 Nb6 30. e5 Qd7 31. Qc5 Kb8 32. Bb4 Nc8 33. Qf8 b6 34. Kg3 Kb7 35. Qh8 Ne7 36. Bxe7 Qxe7 37. Qf6 Qd7 38. f5 gxf5 39. Kf4 c5 40. Qxf5 Kc6 41. Qf6+ Kc7 42. dxc5 bxc5 43. Qa6 Kb8 44. a4 Qh3 45. Qd6+ Kc8 46. Qxc5+ Kb8 47. Qf8+ Kb7 48. Qxf7+ Kc6 49. e6 Qh4+ 50. Kf5 Qe4+ 51. Kf6 Qf4+ 52. Kg6 Qe4+ 53. Kg7 Qe5+ 54. Qf6 Qc7+ 55. e7+ Kd7 56. Kf7 1-0

[Event "Hellertal - Godesberg 2"]
[Site "Neunkirchen (Kr Siegen)"]
[Date "2023.12.03"]
[Round "4.5"]
[White "Selalmazidis, Arsenis"]
[Black "Petri, Raphael"]
[Result "1-0"]
[WhiteElo "2088"]
[BlackElo "1821"]
[PlyCount "96"]
[EventDate "2023.??.??"]
[SourceVersionDate "2020.03.16"]

1. d4 Nf6 2. Nf3 e6 3. g3 Be7 4. Bg2 O-O 5. O-O d5 6. c4 c6 7. Nbd2 Nbd7 8. Qc2 b6 9. e4 dxe4 10. Nxe4 Bb7 11. Rd1 Qc8 12. Nxf6+ Bxf6 13. c5 h6 14. Bf4 Be7 15. b4 Nf6 16. Ne5 Nd5 17. Bd2 Bf6 18. f4 Rd8 19. Rac1 Bxe5 20. fxe5 Qc7 21. Qe4 Ne7 22. Be1 Rac8 23. g4 Nd5 24. h4 Qe7 25. Bf1 Rf8 26. Bd3 f5 27. exf6 Nxf6 28. Qe2 Rce8 29. Bg3 Nd5 30. Qe4 Nf6 31. Qg6 Qf7 32. g5 hxg5 33. hxg5 Qxg6 34. Bxg6 Nd5 35. Bxe8 Rxe8 36. cxb6 axb6 37. a3 Ra8 38. Bd6 Rd8 39. Be5 Ne3 40. Rd3 Nf5 41. a4 Kf7 42. Kf2 Kg6 43. Bc7 Ra8 44. a5 bxa5 45. bxa5 Kxg5 46. Be5 Kg6 47. Rb3 Rf8 48. Rg1+ Kh7 1-0

[Event "Hellertal - Godesberg 2"]
[Site "Neunkirchen (Kr Siegen)"]
[Date "2023.12.03"]
[Round "4.6"]
[White "Mellmann, Matthias"]
[Black "Mueller-Boge, Michael"]
[Result "0-1"]
[WhiteElo "1791"]
[BlackElo "2009"]
[PlyCount "62"]
[EventDate "2023.??.??"]
[SourceVersionDate "2020.03.16"]

1. e4 c5 2. Nc3 d6 3. g3 g6 4. Bg2 Bg7 5. Nh3 Nc6 6. O-O e6 7. d3 Nge7 8. Be3 b6 9. Qd2 h6 10. f4 f5 11. Rae1 O-O 12. Nd1 Qc7 13. c4 Rb8 14. Nc3 a6 15. a4 Kh7 16. Kh1 Ng8 17. Ng1 Bd7 18. Nf3 Rbd8 19. Bf2 Bc8 20. Na2 Bd7 21. h3 Nge7 22. g4 fxg4 23. hxg4 d5 24. cxd5 exd5 25. f5 dxe4 26. fxg6+ Nxg6 27. Rxe4 Qc8 28. Nh2 Nce5 29. Bg3 Rxf1+ 30. Bxf1 Bc6 31. Bg2 Rxd3 0-1

[Event "Hellertal - Godesberg 2"]
[Site "Neunkirchen (Kr Siegen)"]
[Date "2023.12.03"]
[Round "4.7"]
[White "Biedekoepper, Robert"]
[Black "Herfel, Manfred"]
[Result "1-0"]
[WhiteElo "1963"]
[BlackElo "1773"]
[PlyCount "69"]
[EventDate "2023.??.??"]
[SourceVersionDate "2020.03.16"]

1. d4 d6 2. Nf3 g6 3. e4 Bg7 4. Bc4 Nf6 5. Qe2 Bg4 6. Nbd2 Nc6 7. c3 e5 8. d5 Ne7 9. h3 Bd7 10. Nf1 O-O 11. g4 c6 12. dxc6 bxc6 13. Bb3 Qc7 14. Ng3 a5 15. Ba4 Rfb8 16. O-O Be6 17. Re1 Qb6 18. Ng5 Bd7 19. Bb3 Be8 20. Ba4 Qa6 21. Qd1 Rd8 22. Qc2 Rab8 23. Re2 c5 24. Bxe8 Nxe8 25. Be3 a4 26. Rd1 h6 27. Nf3 Qc4 28. a3 Rb3 29. Nd2 Qe6 30. Nxb3 axb3 31. Qd2 h5 32. f3 f5 33. exf5 gxf5 34. Nxh5 fxg4 35. fxg4 1-0

[Event "Hellertal - Godesberg 2"]
[Site "Neunkirchen (Kr Siegen)"]
[Date "2023.12.03"]
[Round "4.8"]
[White "Hassler, Rolf"]
[Black "Rau, Nikita"]
[Result "0-1"]
[WhiteElo "1708"]
[BlackElo "2030"]
[PlyCount "96"]
[EventDate "2023.??.??"]
[SourceVersionDate "2020.03.16"]

1. e4 d5 2. exd5 Qxd5 3. Nc3 Qa5 4. g3 Nf6 5. Bg2 g6 6. Qe2 c6 7. Nf3 Bg7 8. O-O O-O 9. Qxe7 Re8 10. Qa3 Qh5 11. d3 h6 12. Bf4 Bg4 13. Nd2 Nd5 14. Nxd5 cxd5 15. Bxb8 Raxb8 16. Rfe1 Rec8 17. c3 b5 18. Qxa7 b4 19. Re7 Be6 20. Rc7 bxc3 21. bxc3 Rxc7 22. Qxc7 Rc8 23. Qf4 Bxc3 24. Rc1 Qe2 25. Nf1 g5 26. Qe3 Qxa2 27. d4 Qb2 28. h4 Rc4 29. Rd1 Rxd4 30. Rxd4 Bxd4 31. Qd2 gxh4 32. gxh4 Qxd2 33. Nxd2 Bf6 34. Nf3 Kf8 35. Kh2 Ke7 36. Kg3 Kd6 37. Kf4 Kc5 38. Bf1 Kb4 39. h5 Kc3 40. Ne1 d4 41. f3 Kd2 42. Ng2 Bh3 43. Kg3 Bxg2 44. Kxg2 d3 45. f4 Ke3 46. Bxd3 Kxd3 47. Kf3 Kd4 48. Kg4 Ke4 0-1

[Event "Wattenscheid II - Halver- Schalksmühle"]
[Site "?"]
[Date "2024.01.21"]
[Round "5.1"]
[White "Browning, Alex"]
[Black "Schroeder, Wilfried"]
[Result "1-0"]
[WhiteElo "2309"]
[BlackElo "2128"]
[PlyCount "65"]
[EventDate "2024.??.??"]
[SourceVersionDate "2020.03.16"]

1. e4 c6 2. Nc3 d5 3. Nf3 Bg4 4. h3 Bh5 5. exd5 cxd5 6. g4 Bg6 7. Ne5 Nc6 8. d4 e6 9. h4 f6 10. Nxc6 bxc6 11. h5 Bf7 12. Bf4 Bd6 13. Bxd6 Qxd6 14. Qd2 Nh6 15. Bh3 Rb8 16. O-O-O Qb4 17. b3 c5 18. f4 Rc8 19. dxc5 Rxc5 20. Kb2 O-O 21. Nxd5 Qxd2 22. Ne7+ Kh8 23. Rxd2 Rc7 24. Ng6+ hxg6 25. hxg6 Kg8 26. gxf7+ Nxf7 27. Re1 e5 28. fxe5 Nxe5 29. g5 Rb8 30. Be6+ Kf8 31. gxf6 gxf6 32. Rh1 Rcb7 33. Bd5 1-0

[Event "Wattenscheid II - Halver- Schalksmühle"]
[Site "?"]
[Date "2024.01.21"]
[Round "5.2"]
[White "Peter, Thomas"]
[Black "Jansen, Dirk Norbert"]
[Result "1-0"]
[WhiteElo "2193"]
[BlackElo "2027"]
[PlyCount "53"]
[EventDate "2024.??.??"]
[SourceVersionDate "2020.03.16"]

1. e4 e6 2. d4 d5 3. Nc3 Nf6 4. e5 Nfd7 5. Nce2 c5 6. c3 Nc6 7. f4 Qb6 8. Nf3 f6 9. f5 cxd4 10. Nexd4 exf5 11. e6 Nde5 12. Bb5 Bc5 13. Bxc6+ bxc6 14. Nxf5 Bf2+ 15. Kd2 Bxe6 16. Nxg7+ Kf7 17. Nxe5+ Kxg7 18. Nd3 Rhe8 19. Qf3 Bh4 20. Kc2 Bf7 21. Qg4+ Bg5 22. h4 Bg6 23. hxg5 Qf2+ 24. Bd2 Re2 25. gxf6+ Kf8 26. Rad1 Rae8 27. Qxg6 1-0

[Event "Wattenscheid II - Halver- Schalksmühle"]
[Site "?"]
[Date "2024.01.21"]
[Round "5.3"]
[White "Lutze, Max"]
[Black "Lang, Daniel"]
[Result "1-0"]
[WhiteElo "2055"]
[BlackElo "2120"]
[PlyCount "81"]
[EventDate "2024.??.??"]
[SourceVersionDate "2020.03.16"]

1. Nf3 Nf6 2. g3 d5 3. Bg2 e6 4. O-O Nbd7 5. c4 dxc4 6. Na3 Bxa3 7. bxa3 Nb6 8. Bb2 O-O 9. Ne5 Rb8 10. Qc2 Qe7 11. Nxc4 Nxc4 12. Qxc4 e5 13. Rfc1 c6 14. Qc5 Qxc5 15. Rxc5 Nd7 16. Ra5 Ra8 17. Rb1 Nb6 18. Rxe5 Be6 19. Rc1 Rad8 20. d3 Bxa2 21. Kf1 Bd5 22. Bxd5 Rxd5 23. Rxd5 Nxd5 24. Bd4 a6 25. a4 Rc8 26. e4 Nc7 27. Ke2 Kf8 28. f4 Ne6 29. Bb6 Ke8 30. Ke3 Nf8 31. a5 Ne6 32. d4 Nc7 33. d5 Kd7 34. dxc6+ bxc6 35. Kd4 Re8 36. Rd1 Ne6+ 37. Kc4+ Kc8 38. Rd6 Nc7 39. Rxc6 Rxe4+ 40. Kc5 Re7 41. Bxc7 1-0

[Event "Wattenscheid II - Halver- Schalksmühle"]
[Site "?"]
[Date "2024.01.21"]
[Round "5.4"]
[White "Gohla, Ulf"]
[Black "Runtemund, Rene"]
[Result "0-1"]
[WhiteElo "2115"]
[BlackElo "2004"]
[PlyCount "88"]
[EventDate "2024.??.??"]
[SourceVersionDate "2020.03.16"]

1. d4 d5 2. c4 e6 3. Nc3 f5 4. g3 Nf6 5. Bg2 c6 6. Nf3 Bd6 7. Ne5 O-O 8. Bf4 Ne4 9. Qc2 Bxe5 10. Bxe5 Nd7 11. Bf4 g5 12. Be3 Nd6 13. c5 f4 14. cxd6 fxe3 15. f3 e5 16. Qd3 Qf6 17. O-O-O exd4 18. Qxd4 Qxd4 19. Rxd4 Ne5 20. Nd1 Nc4 21. h4 g4 22. fxg4 Re8 23. Rf1 Nxd6 24. Rf3 Bd7 25. Nxe3 Re5 26. Bf1 Rae8 27. Rdf4 Rxe3 28. g5 Rxf3 29. Rxf3 Bg4 30. Rf6 Ne4 31. Rf4 Nxg3 32. Rxg4 Nxf1 33. g6 hxg6 34. Rxg6+ Kh7 35. Rf6 Ng3 36. Rf7+ Kg6 37. Rxb7 Kf5 38. Rxa7 Rxe2 39. Rc7 Ke4 40. Rxc6 d4 41. a4 Ke3 42. b4 Ne4 43. a5 d3 44. Re6 Re1+ 0-1

[Event "Wattenscheid II - Halver- Schalksmühle"]
[Site "?"]
[Date "2024.01.21"]
[Round "5.5"]
[White "Browning, Rebecca"]
[Black "Schlange, Stefan"]
[Result "0-1"]
[WhiteElo "1900"]
[BlackElo "2157"]
[PlyCount "82"]
[EventDate "2024.??.??"]
[SourceVersionDate "2020.03.16"]

1. e4 e5 2. Nf3 Nc6 3. d4 exd4 4. Nxd4 Nf6 5. Nc3 Bb4 6. Nxc6 bxc6 7. Bd3 d5 8. exd5 cxd5 9. O-O O-O 10. Bg5 Be6 11. h3 h6 12. Bh4 Be7 13. Re1 c6 14. Nb1 Nd7 15. Bxe7 Qxe7 16. Nd2 Qf6 17. c3 Ne5 18. Bc2 Rfe8 19. Re3 Re7 20. Qh5 Bd7 21. Rae1 Rae8 22. Rf1 Qg5 23. Qxg5 hxg5 24. g4 f6 25. Kg2 c5 26. Kg3 Bc6 27. Rfe1 d4 28. cxd4 cxd4 29. Ra3 Kf8 30. Bf5 g6 31. Be4 Bxe4 32. Rxe4 Rd7 33. Ra4 Red8 34. f4 Nd3 35. b4 gxf4+ 36. Kg2 Re8 37. Ra6 Rde7 38. Rxf6+ Kg7 39. Rfxf4 Nxf4+ 40. Rxf4 Re2+ 41. Rf2 d3 0-1

[Event "Wattenscheid II - Halver- Schalksmühle"]
[Site "?"]
[Date "2024.01.21"]
[Round "5.6"]
[White "Schlehoefer, Ralf"]
[Black "Schmidt, Volker"]
[Result "1/2-1/2"]
[WhiteElo "2179"]
[BlackElo "1964"]
[PlyCount "44"]
[EventDate "2024.??.??"]
[SourceVersionDate "2020.03.16"]

1. d4 f5 2. c4 d6 3. Nc3 Nf6 4. g3 g6 5. Bg2 Bg7 6. d5 Na6 7. Nh3 Nc5 8. Be3 O-O 9. Nf4 e5 10. Bxc5 exf4 11. Bd4 fxg3 12. hxg3 Qe7 13. Qd2 Bd7 14. O-O Ng4 15. Bxg7 Qxg7 16. f3 Ne5 17. b3 a6 18. e4 fxe4 19. f4 e3 20. Qxe3 Ng4 21. Qd2 Rae8 22. Rfe1 Nf6 {(=)} 1/2-1/2

[Event "Wattenscheid II - Halver- Schalksmühle"]
[Site "?"]
[Date "2024.01.21"]
[Round "5.7"]
[White "Koelz, Niklas"]
[Black "Buchenthal, Dieter"]
[Result "1/2-1/2"]
[WhiteElo "1844"]
[BlackElo "2154"]
[PlyCount "141"]
[EventDate "2024.??.??"]
[SourceVersionDate "2020.03.16"]

1. c4 b6 2. e4 c5 3. g3 Bb7 4. Bg2 g6 5. Ne2 Bg7 6. d3 Nc6 7. O-O e6 8. Nbc3 Nh6 9. h3 f5 10. f4 Nf7 11. Be3 O-O 12. a3 Rc8 13. Rb1 Qe7 14. b3 Rfe8 15. Qd2 Ba8 16. Rfe1 Nfd8 17. Rbd1 Qf8 18. d4 cxd4 19. Nxd4 Nxd4 20. Bxd4 Bxd4+ 21. Qxd4 Qxa3 22. Nb5 Qxb3 23. Nd6 Nc6 24. Qe3 Qxe3+ 25. Rxe3 Nb8 26. Nxe8 Rxe8 27. e5 Bxg2 28. Kxg2 Rc8 29. Rd4 Kf8 30. Ra3 Rc7 31. Kf3 Nc6 32. Rd1 Ke7 33. Ra4 Na5 34. Rda1 Kd8 35. g4 Kc8 36. gxf5 exf5 37. R1a2 Kb8 38. Rc2 Kc8 39. h4 Nb3 40. Ke3 Kb8 41. Rb4 Nc5 42. Rb1 Rc6 43. Rg1 d6 44. Kd4 Kb7 45. h5 dxe5+ 46. fxe5 g5 47. Rf2 Ne6+ 48. Kc3 f4 49. Kb4 a5+ 50. Kb3 h6 51. Rd2 Nc5+ 52. Kc2 Re6 53. Rd5 Kc7 54. Rgd1 a4 55. Rd6 f3 56. Rxe6 Nxe6 57. Kd2 Ng7 58. Ke3 Nxh5 59. e6 Nf6 60. Kxf3 a3 61. e7 a2 62. Ra1 Kd7 63. Rxa2 Kxe7 64. Rb2 Nd7 65. Ke4 Ke6 66. Rb5 Kd6 67. Kf5 Kc6 68. Kg6 g4 69. Kxh6 g3 70. Rg5 g2 71. Rxg2 {(=)} 1/2-1/2

[Event "Wattenscheid II - Halver- Schalksmühle"]
[Site "?"]
[Date "2024.01.21"]
[Round "5.8"]
[White "Klueting, Reiner"]
[Black "Kaemper, Ralph"]
[Result "1/2-1/2"]
[WhiteElo "1917"]
[BlackElo "2006"]
[PlyCount "43"]
[EventDate "2024.??.??"]
[SourceVersionDate "2020.03.16"]

1. e4 c6 2. d4 d5 3. exd5 cxd5 4. c4 Nf6 5. Nc3 e6 6. a3 Be7 7. Nf3 O-O 8. Bd3 dxc4 9. Bxc4 Nbd7 10. O-O Nb6 11. Bd3 Bd7 12. Ne5 Rc8 13. Be3 Bc6 14. Nxc6 Rxc6 15. Qe2 Nbd5 16. Nxd5 Nxd5 17. Rac1 Rxc1 18. Rxc1 Bf6 19. Be4 Qd6 20. Qf3 Rd8 21. Bxd5 exd5 22. g3 {(=)} 1/2-1/2

[Event "Ennepe-Ruhr-Süd - Niederkassel"]
[Site "?"]
[Date "2024.02.04"]
[Round "5.1"]
[White "Grimm, Sascha"]
[Black "Arndt, Stefan"]
[Result "1-0"]
[WhiteElo "2304"]
[BlackElo "2161"]
[PlyCount "155"]
[EventDate "2024.??.??"]
[SourceVersionDate "2020.03.16"]

1. c4 e6 2. g3 d5 3. Bg2 Nf6 4. Nf3 Be7 5. O-O O-O 6. b3 c6 7. Bb2 b6 8. Qc2 Nbd7 9. d3 Bb7 10. e4 dxe4 11. dxe4 c5 12. e5 Ne8 13. Ng5 Bxg5 14. Bxb7 Rb8 15. Be4 g6 16. Nc3 f5 17. exf6 Bxf6 18. Rad1 Qe7 19. Rfe1 Qg7 20. Rd2 Nc7 21. Ne2 Bxb2 22. Qxb2 Qxb2 23. Rxb2 Nf6 24. Nf4 Rbd8 25. Bg2 Rfe8 26. Rbe2 Rd6 27. h4 Kf7 28. Bh3 h6 29. Re3 g5 30. hxg5 hxg5 31. Nd3 Red8 32. Ne5+ Kg7 33. R1e2 Rd1+ 34. Kg2 R8d4 35. f3 Rd6 36. Kf2 Rh1 37. Bg2 Rhd1 38. Bh3 Rh1 39. Bg2 Rhd1 40. Bf1 Ng8 41. Bh3 R1d2 42. Rxd2 Rxd2+ 43. Re2 Rxe2+ 44. Kxe2 Ne7 45. Kd3 Nc8 46. Nc6 Kf6 47. Ke3 a6 48. f4 Nd6 49. Ne5 gxf4+ 50. Kxf4 Ke7 51. g4 b5 52. Bf1 Nde8 53. Bd3 Kd6 54. Be4 Nf6 55. Bf3 Nh7 56. Bg2 Nf6 57. Bb7 Nh7 58. Nd3 a5 59. g5 a4 60. g6 Nf6 61. Kg5 Ng8 62. g7 axb3 63. axb3 bxc4 64. bxc4 Ne8 65. Kg6 Ke7 66. Ne5 Nd6 67. Bf3 Ne8 68. Ng4 Nef6 69. Nxf6 Nxf6 70. Bh5 e5 71. Bf3 Ke6 72. Bd5+ Ke7 73. g8=Q Nxg8 74. Bxg8 e4 75. Bd5 e3 76. Bf3 Ke6 77. Kg5 Ke5 78. Be2 1-0

[Event "Ennepe-Ruhr-Süd - Niederkassel"]
[Site "?"]
[Date "2024.02.04"]
[Round "5.2"]
[White "Tripolsky, Eugen"]
[Black "Bussard, Christian"]
[Result "1/2-1/2"]
[WhiteElo "2283"]
[BlackElo "2238"]
[PlyCount "34"]
[EventDate "2024.??.??"]
[SourceVersionDate "2020.03.16"]

1. e4 e5 2. Nf3 d6 3. d4 exd4 4. Qxd4 a6 5. Be3 Nc6 6. Qd2 Nf6 7. Nc3 Be7 8. O-O-O b5 9. Bd3 Bb7 10. Kb1 O-O 11. h4 Nb4 12. Nd4 Nxd3 13. cxd3 Re8 14. f3 d5 15. e5 c5 16. exf6 Bxf6 17. Nce2 cxd4 1/2-1/2

[Event "Ennepe-Ruhr-Süd - Niederkassel"]
[Site "?"]
[Date "2024.02.04"]
[Round "5.3"]
[White "Stanetzek, Carsten"]
[Black "Heller, Achim"]
[Result "1/2-1/2"]
[WhiteElo "2152"]
[BlackElo "2037"]
[PlyCount "30"]
[EventDate "2024.??.??"]
[SourceVersionDate "2020.03.16"]

1. e4 c6 2. d4 d5 3. exd5 cxd5 4. Bf4 Nc6 5. c3 Nf6 6. Nd2 Bf5 7. Qb3 Qd7 8. Ngf3 e6 9. Ne5 Qc8 10. Bb5 Nd7 11. Ndf3 Ndxe5 12. Nxe5 f6 13. Nxc6 bxc6 14. Be2 Be7 15. O-O Kf7 1/2-1/2

[Event "Ennepe-Ruhr-Süd - Niederkassel"]
[Site "?"]
[Date "2024.02.04"]
[Round "5.4"]
[White "Arakelian, Aik"]
[Black "Kneutgen, Alexander"]
[Result "1-0"]
[WhiteElo "2057"]
[BlackElo "2054"]
[PlyCount "55"]
[EventDate "2024.??.??"]
[SourceVersionDate "2020.03.16"]

1. c4 e5 2. Nc3 Nc6 3. e4 g6 4. g3 Bg7 5. Bg2 d6 6. Nge2 Nh6 7. O-O O-O 8. d3 f5 9. Nd5 Nd4 10. Nxd4 exd4 11. h4 Nf7 12. exf5 Bxf5 13. Re1 c6 14. Ne7+ Kh8 15. Nxf5 gxf5 16. Bf4 Ne5 17. c5 Re8 18. Bh3 Qa5 19. Bxe5 dxe5 20. Bxf5 Bf6 21. Qh5 Qc7 22. Re4 Re7 23. Qh6 Rf7 24. Bxh7 Bg7 25. Qh5 Rf6 26. Bg6+ Kg8 27. Qh7+ Kf8 28. h5 1-0

[Event "Ennepe-Ruhr-Süd - Niederkassel"]
[Site "?"]
[Date "2024.02.04"]
[Round "5.6"]
[White "Bruchmann, Norbert"]
[Black "Konzen, Horst"]
[Result "1-0"]
[WhiteElo "2038"]
[BlackElo "2002"]
[PlyCount "103"]
[EventDate "2024.??.??"]
[SourceVersionDate "2020.03.16"]

1. e4 c5 2. Nc3 d6 3. f4 Nc6 4. Bb5 Bd7 5. Nf3 g6 6. O-O Bg7 7. d3 Nf6 8. Qe1 Nd4 9. Bxd7+ Nxd7 10. Rf2 O-O 11. a4 a6 12. Kh1 Rb8 13. f5 b5 14. axb5 axb5 15. Nxd4 cxd4 16. Nd5 Rb7 17. fxg6 hxg6 18. Rf3 e6 19. Ra8 Rb8 20. Rxb8 Nxb8 21. Nb4 Re8 22. Bd2 Qe7 23. Qa1 Qb7 24. Rf1 Rc8 25. Qa2 Rc7 26. Bf4 Rd7 27. Ra1 Kh7 28. Qa8 e5 29. Bd2 Qxa8 30. Rxa8 Rb7 31. Ra5 Bh6 32. Be1 Bc1 33. b3 Kg7 34. Nd5 Bg5 35. g3 Nc6 36. Ra6 Ne7 37. Nb4 Nc8 38. Rc6 Rb8 39. Kg2 Bd8 40. Ra6 Rb7 41. Ra8 Rc7 42. Kf3 f6 43. g4 g5 44. Ke2 Kf7 45. Kd1 Ke6 46. Nd5 Rc6 47. Rb8 Kd7 48. Rb7+ Ke6 49. Kc1 Nb6 50. Ba5 Rc8 51. Bxb6 Bxb6 52. Re7# 1-0

[Event "Ennepe-Ruhr-Süd - Niederkassel"]
[Site "?"]
[Date "2024.02.04"]
[Round "5.7"]
[White "Wilke, Christopher"]
[Black "Nasoyan, Maksim"]
[Result "1/2-1/2"]
[WhiteElo "1874"]
[BlackElo "1893"]
[PlyCount "41"]
[EventDate "2024.??.??"]
[SourceVersionDate "2020.03.16"]

1. d4 Nf6 2. Nf3 c5 3. d5 g6 4. c4 b5 5. Qc2 bxc4 6. e4 d6 7. Bxc4 Bg7 8. O-O O-O 9. Nbd2 Ba6 10. Rb1 Bxc4 11. Nxc4 Nbd7 12. b3 Nb6 13. Bb2 Nxc4 14. bxc4 Rb8 15. e5 Nd7 16. exd6 exd6 17. Bxg7 Rxb1 18. Rxb1 Kxg7 19. Rb7 Qf6 20. h3 Ne5 21. Nxe5 1/2-1/2

[Event "Ennepe-Ruhr-Süd - Niederkassel"]
[Site "?"]
[Date "2024.02.04"]
[Round "5.8"]
[White "Schaefer, Martin"]
[Black "Neu, Martin"]
[Result "0-1"]
[WhiteElo "1949"]
[BlackElo "1757"]
[PlyCount "56"]
[EventDate "2024.??.??"]
[SourceVersionDate "2020.03.16"]

1. d4 d5 2. c4 c6 3. Nf3 Nf6 4. Nc3 e6 5. g3 dxc4 6. Bg2 Nbd7 7. O-O Be7 8. a4 a5 9. e4 O-O 10. Qe2 Bb4 11. Rd1 Re8 12. Ne5 Nxe5 13. dxe5 Nd7 14. Qxc4 Qc7 15. Nb5 Qxe5 16. Bf4 cxb5 17. axb5 Qxb2 18. Rac1 Qf6 19. h4 h6 20. Qc7 e5 21. Be3 Nf8 22. Kh2 Bg4 23. Rd5 Re7 24. Qc2 Rc8 25. Qb1 Rec7 26. f4 exf4 27. Bxf4 Rxc1 28. Bxc1 Qf2 0-1